La casa Ramos, 1845-1960 : más de un siglo de historia marítima / Martín Rodrigo y Alharilla más de un siglo de historia marítima / Martín Rodrigo y Alharilla
ISBN:
84-932201-8-3
Descripción Física:
189 p. : il. ; 17 cm
Colección:
Estudis; 7
Otros Autores:
Museu Marítim (Barcelona)
MARC
| LEADER | 00000nam a2200000Ia 4500 | ||
|---|---|---|---|
| 001 | 16938 | ||
| 008 | 160829s9999 xx 000 0 cat d | ||
| 020 | |a 84-932201-8-3 | ||
| 080 | |a H-2-305 | ||
| 100 | |a Rodrigo y Alharilla, Martín |9 39226 | ||
| 245 | |a La casa Ramos, 1845-1960 : |b más de un siglo de historia marítima / Martín Rodrigo y Alharilla | ||
| 260 | |a [Barcelona] : |b Museu Marítim de Barcelona, DL 2005 | ||
| 300 | |a 189 p. : |b il. ; |c 17 cm | ||
| 490 | |a Estudis; 7 | ||
| 590 | |a Accessit al 4t. Premi de Recerca Josep Ricard i Giralt. | ||
| 590 | |a Museu Marítim. Drassanes Reials de Barcelona és un Consorci format per : Diputació de Barcelona, Ajuntament de Barcelona i Port de Barcelona. | ||
| 590 | |a Annexes | ||
| 650 | |a Marina mercant |x Barcelona |x Història |x S. XVIII/XIX |9 39227 | ||
| 700 | |a Museu Marítim (Barcelona) | ||
| 901 | |a Arxiu | ||
| 942 | |n 1 | ||
| 952 | |0 0 |1 0 |4 0 |6 H2305 |7 1 |9 48876 |a Arxiu |b Arxiu |d 2016-12-01 |l 0 |o H-2-305 |p 16938 |r 2016-12-01 00:00:00 |w 2016-12-01 |y ARXIU | ||
| 999 | |c 52711 |d 52711 | ||